000 00708cam a2200145 4500500
005 20251228052419.0
041 _afre
042 _adc
100 1 0 _aGascon, Alain
_eauthor
245 0 0 _aYVIND, M. Eide. — Revolution and Religion in Ethiopia. The Growth and Persecution of the Mekane Yesus Church 1974-1785. Oxford, James Currey ; Athens, Ohio University Press ; Addis Ababa, Addis Abäba University Press, Eastern African Studies, 2000, 314 p.
260 _c2005.
500 _a42
786 0 _nCahiers d'études africaines | 177 | 1 | 2005-03-01 | p. 257m-303m | 0008-0055
856 4 1 _uhttps://shs.cairn.info/revue-cahiers-d-etudes-africaines-2005-1-page-257m?lang=fr&redirect-ssocas=7080
999 _c1583493
_d1583493